000 00631nam a2200193Ia 4500
008 210417s9999 xx 000 0 und d
020 _a9780815349679
020 _b081534967X
082 _a336.41 ROS
082 _b22.336.41 ROS
245 0 _aTaxation by political inertia : financing the growth of government in Britain
245 0 _cTaxation by political inertia financing the growth of government in Britain
250 _b"viii, 264 pages : illustrations ; 23 cm., hbk."
260 _aLondon
260 _bAllen & Unwin ;
260 _c1987
700 _a"Rose, Richard"
700 _bRichard Rose and Terence Karran
999 _c485469
_d485469